Riconosci il Pokémon - Quiz n°745 - Statistics

Statistiche generali
  • Questo quiz è stato fatto 1 volte
  • Il punteggio medio è 4 su 10
Statistiche sulle risposte
Indizio Riposta % Corretto
Abilità Muta; Intrapasso
100%
Stadio evoluzione Non si evolve
100%
Generazione Terza
100%
Tipo Veleno
100%
Altezza 2,7 m
0%
Sesso 50% ♂, 50% ♀
0%
Peso 52,5 kg
0%
Tasso di cattura 90 (20.1%)
0%
Tasso di allevamento Fluttuante
0%
Pokémon Seviper
0%
Nessun quiz corrispondente trovato
Distribuzione punteggi
Percentuale di utenti per punteggio
Percentile per numero di risposta
I tuoi punteggi nel tempo
Non hai fatto questo quiz